000 00199nam a2200109Ia 4500
100 _aLIM/CATHERINE.
942 _cBK
245 _aTHE BONDMAID.
260 _b#N/A
546 _aENGLISH
999 _c23599
_d23599